Harrap's modern German grammar: With exercises and vocabularies (Record no. 20275)

MARC details
000 -LEADER
fixed length control field 00335nam a2200121Ia 4500
082 ## - DEWEY DECIMAL CLASSIFICATION NUMBER
Classification number 803
Item number SMI
100 ## - MAIN ENTRY--AUTHOR NAME
Personal name Fraser, W H
245 #0 - TITLE STATEMENT
Title Harrap's modern German grammar: With exercises and vocabularies
260 ## - PUBLICATION, DISTRIBUTION, ETC. (IMPRINT)
Place of publication London
Name of publisher G G Harrap
Year of publication 1948
700 ## - ADDED ENTRY--PERSONAL NAME
Personal name Smissen, W H V D
942 ## - ADDED ENTRY ELEMENTS (KOHA)
Koha item type Books
Holdings
Withdrawn status Lost status Damaged status Not for loan Home library Current library Date acquired Full call number Accession Number Koha item type
        RRII Library RRII Library 16/12/2021 803 SMI 01004 Books